000 00444nam a2200205Ia 4500
001 14494
003 GE_BSU
008 181216s||||||||xx |||||||||||||| ||und||
020 _a0330443542
040 _cGE_BSU
080 _a821.111-3
100 _aHerriot, James
245 _aLet Sleeping Vets Lie
260 _aLondon
260 _bPan books
260 _c1973
300 _a250p.21cm.
653 _aLet Sleeping Vets Lie
942 _cBK
999 _c47625
_d47625